Študijný program Ekonomická univerzita v Bratislave 2003/2004
Gespeichert in:
| Körperschaft: | |
|---|---|
| Weitere Verfasser: | |
| Format: | Buch |
| Sprache: | Slowakisch |
| Veröffentlicht: |
Bratislava
Ekonóm
2003
|
| Schlagworte: | |
| Tags: |
Keine Tags, Fügen Sie das erste Tag hinzu!
|
MARC
| LEADER | 00000nam a2200000 4500 | ||
|---|---|---|---|
| 001 | 0017642 | ||
| 005 | 20230307094053.6 | ||
| 020 | |a 80-225-1732-1 | ||
| 041 | 0 | |a slo | |
| 044 | |a SK | ||
| 245 | 1 | 0 | |a Študijný program |b Ekonomická univerzita v Bratislave 2003/2004 |c [zostavila: Elena Kordošová] |
| 264 | 1 | |a Bratislava |b Ekonóm |c 2003 | |
| 300 | |a 31 s. | ||
| 610 | 2 | 0 | |a programy študijné |
| 610 | 2 | 0 | |a univerzity |
| 610 | 2 | 0 | |a vzdelávanie vysokoškolské |
| 700 | 1 | |a Kordošová, Elena | |
| 710 | 2 | |a Ekonomická univerzita v Bratislave | |